| Tag |
First Indicator |
Second Indicator |
Subfields |
| LEADER |
00000cam a2200000 4500 |
| 001 |
in00000047919 |
| 005 |
20190207093425.0 |
| 008 |
750122s1958 moua 00000 eng u |
| 010 |
|
|
|a 58006597
|
| 035 |
|
|
|a (OCoLC)01148126
|
| 035 |
|
|
|9 AAF3511AM
|
| 040 |
|
|
|c IQU
|d TXA
|d UtOrBLW
|
| 049 |
|
|
|a TXAM
|c [292034]
|
| 050 |
0 |
0 |
|a TX725
|b .O26 1958
|
| 092 |
|
|
|a 641.5
|b O13b
|
| 100 |
1 |
|
|a O'Brien, Marian Maeve.
|
| 245 |
1 |
4 |
|a The Bible cookbook /
|c Illustrated by Doris Hallas.
|
| 264 |
|
1 |
|a St. Louis :
|b Bethany Press,
|c [1958]
|
| 300 |
|
|
|a 350 pages :
|b illustrations ;
|c 23 cm.
|
| 336 |
|
|
|a text
|b txt
|2 rdacontent
|
| 337 |
|
|
|a unmediated
|b n
|2 rdamedia
|
| 338 |
|
|
|a volume
|b nc
|2 rdacarrier
|
| 500 |
|
|
|a The Cushing Library/Chapman Texas Collection copy is part of the Floyd & Louise Chapman Texas & Borderlands Collection.
|5 TXA
|
| 500 |
|
|
|a Includes index.
|
| 500 |
|
|
|a "The Texas Cookbook Collection."
|
| 536 |
|
|
|a Cushing Library Texas copy was donated 1999 by Ona Stribling Beams, Dallas, Texas, in memory of George William Beams, Class of 1929.
|
| 650 |
|
0 |
|a Cooking, American.
|
| 999 |
|
|
|a MARS
|
| 999 |
f |
f |
|s bf5268a3-ee73-3c35-86fa-05853982a6e0
|i 8e7a8a46-c563-304f-96ca-e849463ac0b6
|t 0
|
| 952 |
f |
f |
|p noncirc
|a Texas A&M University
|b College Station
|c Cushing Memorial Library & Archives
|d Cushing: Chapman Texas Collection (Does not check out)
|t 0
|e TX725 .O26 1958
|h Library of Congress classification
|i unmediated -- volume
|
| 952 |
f |
f |
|p ric
|a Texas A&M University
|b Rellis Campus
|c Joint Library Facility
|d Remote Storage
|t 0
|e TX725 .O26 1958
|h Library of Congress classification
|i unmediated -- volume
|m A14801101872
|
| 998 |
f |
f |
|a TX725 .O26 1958
|t 0
|l Cushing: Chapman Texas Collection (Does not check out)
|
| 998 |
f |
f |
|a TX725 .O26 1958
|t 0
|l Remote Storage
|